| 000 | 00468nam a2200157 i 4500 | ||
|---|---|---|---|
| 001 | 78601 | ||
| 003 | ES-MaACL | ||
| 005 | 20230906173747.0 | ||
| 007 | t| | ||
| 008 | 041015s1912 fr ||||1| fre d | ||
| 100 | 1 |
_aHautecoeur, Louis. _962130 |
|
| 245 | 1 | 2 |
_aL'Architecture classique a Saint-Pétersbourg / _cpar Louis Hautecoeur. |
| 260 |
_a[S.l. : _bs.n., _c1912] ( _eAbbeville : _fF. Paillart) |
||
| 300 |
_a115 p., 14 lám. ; _c25 cm. |
||
| 852 |
_aES-MaACL _jF-5928 |
||
| 999 |
_c78601 _d78601 |
||